Top 20 NFL wide receivers of all time - Statistics

General Stats
  • This quiz has been taken 1,252 times
  • The average score is 13 of 20
Answer Stats
Team Answer % Correct
49ers Jerry Rice
99%
Vikings Randy Moss
98%
Lions Calvin Johnson
88%
Texans Andre Johnson
86%
Raiders Tim Brown
84%
Colts Marvin Harrison
81%
Cardinals Larry Fitzgerald
74%
49ers Terrell Owens
74%
Panthers Steve Smith Sr.
70%
Vikings Cris Carter
68%
Cowboys Michael Irvin
67%
Seahawks Steve Largent
66%
Steelers Hines Ward
58%
Colts Reggie Wayne
55%
Rams Torry Holt
49%
Bills Andre Reed
48%
Steelers Lynn Swann
35%
Redskins Art Monk
29%
Steelers John Stallworth
23%
Packers James Lofton
11%
No matching quizzes found
Score Distribution
Percent of People with Each Score
Percentile by Number Answered
Your Score History
You have not taken this quiz